01615nam a2200241Ia 4500001000600000003000900006008004100015040001300056040001300069041001200082100001600094100002900110245006800139245006800207250001100275260001400286260001700300260004900317300004100366500089200407650004301299650003101342D4962IT-RoPAU130308s9999 xx 000 0 und d aIT-RoPAU cIT-RoPAU aINGLESE aPoster Mark gCodice Aut. SPICS: 45055 aMode of Information (The). Poststructuralism and Social Context bMode Of Information (The). Poststructuralism And Social Context a2a ed. aCAMBRIDGE bPolity Press c1992 [1° Ed.:1990 - Ed.Ling.Originale:1990] a"188 p. (prefazione: 8; testo: 180)" aModo D'Informare. Poststrutturalismo e Contesto Sociale. Parole senza Cose. Concetto di Società Postindustriale: Problema di Retorica, repressione di Linguaggio, Limiti di Anticipazione in Marx e Weber. Linguaggio dell'Economia: Baudrillard e Pubblicità Televisiva, Media e Modo D'Informare, Pubblicità tv Come Evento Sociale, Pubblicità Come Ideologia, Sistema del Segno, Società Come un Linguaggio e Come simulazione o Iperreale. Faucault e basi di Dati: sorveglianza Partecipatoria, Pubblicità televisiva e basi di Dati, Orale scritto ed Elettronico. Derrida e la Scrittura Elettronica: Soggetto del Computer, testo Contesto e Testualità Elettronica, Comunità Elettroniche. Lyotard e Scienza del Computer: Possibilità della Politica Postmoderna, Computer Scienza e Mondo del Lavoro, Politica di Poststrutturalismo, Desiderio Postmoderno, Lyotard nel Postmodernismo. aSOCIOLOGIA DELLA COMUNICAZIONE SOCIALE eCodice materia Spics: 3806